Catalog

Record Details

Catalog Search



Topics in Fluorescence Spectroscopy Advanced Concepts in Fluorescence Sensing Part A: Small Molecule Sensing  Cover Image E-book E-book

Topics in Fluorescence Spectroscopy [electronic resource] : Advanced Concepts in Fluorescence Sensing Part A: Small Molecule Sensing / edited by Chris D. Geddes, Joseph R. Lakowicz.

Record details

  • ISBN: 9780387233352
  • Physical Description: XIV, 328 p. online resource.
  • Publisher: Boston, MA : Springer US, 2005.
Subject: Life sciences.
Analytical biochemistry.
Biotechnology.
Chemistry, Physical organic.
Microscopy.
Life Sciences.
Biological Microscopy.
Biotechnology.
Analytical Chemistry.
Physical Chemistry.

Electronic resources


LDR 01745nam a22004815i 4500
0018021
003CONS
00520131219163520.0
007cr nn 008mamaa
008100301s2005 xxu| s |||| 0|eng d
020 . ‡a9780387233352 ‡9978-0-387-23335-2
0247 . ‡a10.1007/b101259 ‡2doi
035 . ‡a(DE-He213)978-0-387-23335-2
050 4. ‡aQH201-278.5
072 7. ‡aPS ‡2bicssc
072 7. ‡aPDND ‡2bicssc
072 7. ‡aSCI086000 ‡2bisacsh
072 7. ‡aSCI023000 ‡2bisacsh
1001 . ‡aGeddes, Chris D. ‡eeditor.
24510. ‡aTopics in Fluorescence Spectroscopy ‡h[electronic resource] : ‡bAdvanced Concepts in Fluorescence Sensing Part A: Small Molecule Sensing / ‡cedited by Chris D. Geddes, Joseph R. Lakowicz.
264 1. ‡aBoston, MA : ‡bSpringer US, ‡c2005.
300 . ‡aXIV, 328 p. ‡bonline resource.
336 . ‡atext ‡btxt ‡2rdacontent
337 . ‡acomputer ‡bc ‡2rdamedia
338 . ‡aonline resource ‡bcr ‡2rdacarrier
347 . ‡atext file ‡bPDF ‡2rda
4901 . ‡aTopics in Fluorescence Spectroscopy ; ‡v9
650 0. ‡aLife sciences.
650 0. ‡aAnalytical biochemistry.
650 0. ‡aBiotechnology.
650 0. ‡aChemistry, Physical organic.
650 0. ‡aMicroscopy.
65014. ‡aLife Sciences.
65024. ‡aBiological Microscopy.
65024. ‡aBiotechnology.
65024. ‡aAnalytical Chemistry.
65024. ‡aPhysical Chemistry.
7001 . ‡aLakowicz, Joseph R. ‡eeditor.
7102 . ‡aSpringerLink (Online service)
7730 . ‡tSpringer eBooks
77608. ‡iPrinted edition: ‡z9780387233345
830 0. ‡aTopics in Fluorescence Spectroscopy ; ‡v9
85640. ‡uhttp://biblioteca.ipicyt.edu.mx:2048/login?url=http://dx.doi.org/10.1007/b101259 ‡yTexto completo ‡9CONS
950 . ‡aChemistry and Materials Science (Springer-11644)
901 . ‡a8021 ‡b ‡c8021 ‡tbiblio ‡sSystem Local

Additional Resources